00506nam a22001337a 4500008004100000020001500041082001600056110004000072245013000112300000800242942001200250999001500262952009500277230620b xxu||||| |||| 00| 0 eng d a0160471583 a323.96bCIR bCommittee on international Relation aHearing before the subcommittee on Africa of the Committee on International Relations House of Representatives b104 Congress a95p 2ddccBK c1894d1894 00102ddc4070a002b002d2023-06-20l0o323.96 CIRp10013110r2023-06-20w2023-06-20yBK